[Event "Rochefort op-A 19th"]
[Site "Rochefort"]
[Date "2020.02.22"]
[Round "3"]
[White "Korneev, Oleg"]
[Black "Sim, Sylvain"]
[Result "1-0"]
[WhiteElo "2505"]
[BlackElo "2191"]
[PlyCount "59"]
[EventDate "2020.02.22"]
[EventType "swiss"]
[EventRounds "9"]
[EventCountry "FRA"]
[SourceTitle "CBM 195 Extra"]
[Source "ChessBase"]
[SourceDate "2020.05.31"]
[SourceVersion "1"]
[SourceVersionDate "2020.05.31"]
[SourceQuality "1"]

1. e4 c5 2. Nf3 Nc6 3. Bb5 g6 4. Bxc6 dxc6 5. d3 Bg4 6. Nbd2 Bg7 7. h3 Bxf3 8. Nxf3 e5 9. Be3 Qe7 10. Qd2 h6 11. Qc3 b6 12. b4 a5 13. bxc5 b5 14. 0-0 Nf6 15. a4 b4 16. Qxe5 Qxe5 17. Nxe5 Nxe4 18. dxe4 Bxe5 19. Rad1 Rb8 20. f4 Bg7 21. Rd6 0-0 22. Rxc6 b3 23. Rb6 bxc2 24. Rc1 Rxb6 25. cxb6 Rc8 26. Kf1 Bb2 27. b7 Rb8 28. Rxc2 Rxb7 29. Bd2 Ba3 30. Bxa5 1-0

[Event "Rochefort op-A 19th"]
[Site "Rochefort"]
[Date "2020.02.22"]
[Round "6"]
[White "Sim, Sylvain"]
[Black "Doyen, Remi"]
[Result "1/2-1/2"]
[WhiteElo "2191"]
[BlackElo "2242"]
[PlyCount "43"]
[EventDate "2020.02.22"]
[EventType "swiss"]
[EventRounds "9"]
[EventCountry "FRA"]
[SourceTitle "CBM 195 Extra"]
[Source "ChessBase"]
[SourceDate "2020.05.31"]
[SourceVersion "1"]
[SourceVersionDate "2020.05.31"]
[SourceQuality "1"]

1. e4 c5 2. Nf3 Nc6 3. d4 cxd4 4. Nxd4 g6 5. c4 Nf6 6. Nc3 Bg7 7. Be3 0-0 8. Be2 d6 9. 0-0 Nxd4 10. Bxd4 Bd7 11. f4 Bc6 12. Bf3 Nd7 13. Bxg7 Kxg7 14. Kh1 Qb6 15. Qd2 a5 16. Rad1 a4 17. e5 Rfd8 18. exd6 Nf6 19. Qf2 Qxf2 20. Rxf2 Rxd6 21. Rxd6 exd6 22. Bxc6 1/2-1/2

[Event "Sautron op 19th"]
[Site "Sautron"]
[Date "2019.10.19"]
[Round "1.13"]
[White "Fretel, Didier"]
[Black "Sim, Sylvain"]
[Result "1/2-1/2"]
[WhiteElo "1653"]
[BlackElo "2228"]
[PlyCount "103"]
[EventDate "2019.12.10"]
[EventType "swiss"]
[EventRounds "9"]
[EventCountry "FRA"]
[SourceTitle "EXT 2022"]
[Source "ChessBase"]
[SourceDate "2021.10.06"]
[SourceVersion "1"]
[SourceVersionDate "2021.10.06"]
[SourceQuality "1"]

1. d4 Nf6 2. c4 e6 3. Nc3 d5 4. Bg5 Be7 5. e3 c6 6. Bd3 Nbd7 7. Nf3 0-0 8. 0-0 Re8 9. Rc1 dxc4 10. Bxc4 b5 11. Bd3 Bb7 12. Ne4 h6 13. Nxf6+ Bxf6 14. Bxf6 Qxf6 15. Bb1 Rec8 16. Qd3 g6 17. Nd2 a6 18. Ne4 Qe7 19. Nc5 Nxc5 20. Rxc5 Rd8 21. Rfc1 Rd5 22. Qe4 Rad8 23. Rxd5 Rxd5 24. Qf4 e5 25. dxe5 Qxe5 26. Qxe5 Rxe5 27. Rd1 Re7 28. Kf1 c5 29. Rd6 Rc7 30. f3 c4 31. Ke2 Kf8 32. Kd2 Ke7 33. Rd4 Rc5 34. Kc3 Rg5 35. Rd2 Re5 36. e4 Re6 37. a4 Rd6 38. Rxd6 Kxd6 39. axb5 axb5 40. Kd4 f6 41. f4 g5 42. e5+ fxe5+ 43. fxe5+ Ke6 44. g3 Bg2 45. g4 Bf1 46. Bf5+ Ke7 47. Bc8 b4 48. Bb7 Be2 49. Bd5 c3 50. bxc3 bxc3 51. Kxc3 Bxg4 52. Kd4 1/2-1/2

[Event "Sautron op qual 19th"]
[Site "Sautron"]
[Date "2019.08.31"]
[Round "5.8"]
[White "Mulot, David"]
[Black "Sim, Sylvain"]
[Result "0-1"]
[WhiteElo "1693"]
[BlackElo "2228"]
[PlyCount "42"]
[EventDate "2019.08.30"]
[EventType "swiss"]
[EventRounds "6"]
[EventCountry "FRA"]
[SourceTitle "EXT 2021"]
[Source "ChessBase"]
[SourceDate "2020.10.23"]
[SourceVersion "1"]
[SourceVersionDate "2020.10.23"]
[SourceQuality "1"]

1. d4 Nf6 2. c4 e6 3. Nf3 c5 4. d5 exd5 5. cxd5 d6 6. e4 g6 7. h3 Bg7 8. Bd3 0-0 9. 0-0 c4 10. Bxc4 Nxe4 11. Nbd2 Nxd2 12. Qxd2 Nd7 13. Re1 Nc5 14. Nd4 Qh4 15. g4 Qxh3 16. Qf4 Qxg4+ 17. Qxg4 Bxg4 18. Nb5 a6 19. Nxd6 b5 20. Bf1 Bf3 21. Be3 Na4 0-1

[Event "Sautron op 18th"]
[Site "Sautron "]
[Date "2018.10.20"]
[Round "9.7"]
[White "Colin, Vincent"]
[Black "Sim, Sylvain"]
[Result "1/2-1/2"]
[WhiteElo "2382"]
[BlackElo "2231"]
[PlyCount "108"]
[EventDate "2018.10.20"]
[EventType "swiss"]
[EventRounds "9"]
[EventCountry "FRA"]
[SourceTitle "EXT 2021"]
[Source "ChessBase"]
[SourceDate "2020.10.23"]
[SourceVersion "1"]
[SourceVersionDate "2020.10.23"]
[SourceQuality "1"]

1. e4 c5 2. Nf3 Nc6 3. Bb5 g6 4. Bxc6 dxc6 5. d3 Bg7 6. h3 Nf6 7. Nc3 b6 8. Be3 0-0 9. Qd2 Ne8 10. Bh6 f6 11. e5 Bxh6 12. Qxh6 Ng7 13. g4 Rf7 14. 0-0-0 Ne6 15. exf6 Rxf6 16. Qe3 Qf8 17. Ne5 Nd4 18. Ne4 Rf4 19. c3 Ne6 20. Rhe1 Bb7 21. Ng3 Nc7 22. Nd7 Qf7 23. Nf5 Rxf5 24. gxf5 Qxf5 25. Qxe7 Nd5 26. Qe6+ Qxe6 27. Rxe6 Rd8 28. Ne5 Bc8 29. Rxc6 Bxh3 30. c4 Nf4 31. Rc7 Bf5 32. Rxa7 Re8 33. Nd7 Re6 34. Ra8+ Kg7 35. Nf8 Re7 36. Rd8 Rf7 37. Nxh7 Kxh7 38. Rd6 Re7 39. Rxb6 Nxd3+ 40. Kd2 Nxf2 41. Rc1 g5 42. a4 Ne4+ 43. Ke3 Nc3+ 44. Kf2 Re2+ 45. Kg3 Re3+ 46. Kf2 Re2+ 47. Kg3 Nxa4 48. Rf6 Bg6 49. Ra1 Bc2 50. Kg4 Kg7 51. Rd6 Re4+ 52. Kxg5 Re5+ 53. Kf4 Rf5+ 54. Kg3 Nxb2 1/2-1/2

[Event "FRA-ch Accession"]
[Site "Saint Quentin"]
[Date "2015.08.14"]
[Round "6"]
[White "Sim, Sylvain"]
[Black "Dionisi, Thomas"]
[Result "0-1"]
[WhiteElo "2201"]
[BlackElo "2371"]
[PlyCount "140"]
[EventDate "2015.08.09"]
[EventType "swiss"]
[EventRounds "11"]
[EventCountry "FRA"]
[SourceTitle "EXT 2016"]
[Source "ChessBase"]
[SourceDate "2015.10.08"]
[SourceVersion "1"]
[SourceVersionDate "2015.10.08"]
[SourceQuality "1"]

1. e4 c5 2. Nf3 d6 3. Bb5+ Nd7 4. c4 a6 5. Ba4 g6 6. 0-0 Bg7 7. Nc3 e5 8. d3 Ne7 9. Nd5 Nxd5 10. Bxd7+ Bxd7 11. cxd5 0-0 12. Nd2 f5 13. f3 b5 14. a4 Bh6 15. Nb3 Bxc1 16. Qxc1 bxa4 17. Nd2 f4 18. Nc4 Qc7 19. Qe1 Rab8 20. Qa5 Qxa5 21. Nxa5 Kf7 22. Nc6 Bxc6 23. dxc6 Rfc8 24. Rxa4 Rxc6 25. Rf2 Rb3 26. Rd2 Ke6 27. Kf1 Rcb6 28. Ra2 d5 29. Ke2 d4 30. Kd1 Kd6 31. Kc1 Kc6 32. Ra5 R3b5 33. Ra4 a5 34. Rc2 Ra6 35. Rac4 a4 36. Kb1 Kb6 37. Ka2 Raa5 38. h3 h5 39. h4 Rb4 40. Rxb4+ cxb4 41. Rc8 Kb7 42. Rg8 Rc5 43. Rg7+ Rc7 44. Rxg6 Rc2 45. Rg7+ Kb6 46. Rg6+ Kb5 47. Rg8 Rd2 48. Rb8+ Kc5 49. Rc8+ Kd6 50. Rb8 a3 51. Rxb4 axb2 52. Rxb2 Rxd3 53. Rb6+ Kc5 54. Re6 Kc4 55. Rc6+ Kb4 56. Rb6+ Kc3 57. Rc6+ Kd2 58. Rc5 Ke3 59. Rxe5 Rc3 60. Kb2 Rc6 61. Rxh5 d3 62. Rd5 d2 63. e5 Ke2 64. h5 d1Q 65. Rxd1 Kxd1 66. h6 Rxh6 67. Kc3 Ke2 68. Kd4 Kf2 69. Ke4 Kg3 70. Kf5 Rh8 0-1

[Event "France-ch U16"]
[Site "Reims"]
[Date "2004.12.04"]
[Round "3"]
[White "Banerjee, Niki"]
[Black "Sim, Sylvain"]
[Result "1-0"]
[WhiteElo "2056"]
[BlackElo "1990"]
[PlyCount "51"]
[EventDate "2004.04.??"]
[EventType "swiss"]
[EventRounds "9"]
[EventCountry "FRA"]
[SourceTitle "EXT 2005"]
[Source "ChessBase"]
[SourceDate "2004.11.15"]
[SourceVersion "1"]
[SourceVersionDate "2004.11.15"]
[SourceQuality "1"]

1. e4 e5 2. Nf3 d6 3. d4 exd4 4. Nxd4 Nf6 5. Nc3 g6 6. Bg5 c6 7. Qd2 Bg7 8. 0-0-0 0-0 9. f4 Qb6 10. Nb3 Ng4 11. Na4 Qf2 12. h3 f6 13. hxg4 Qxd2+ 14. Rxd2 fxg5 15. Rxd6 Rxf4 16. Bc4+ Kh8 17. Rf1 Nd7 18. Rxf4 gxf4 19. Nac5 Be5 20. Rxd7 Bxd7 21. Nxd7 f3 22. Nxe5 fxg2 23. Nf3 Rf8 24. Nbd2 h5 25. gxh5 gxh5 26. Be6 1-0

[Event "Sautron Retif op 0405"]
[Site "Sautron"]
[Date "2004.11.27"]
[Round "3"]
[White "Walle, Jean Michel"]
[Black "Sim, Sylvain"]
[Result "0-1"]
[WhiteElo "1730"]
[BlackElo "1950"]
[PlyCount "80"]
[EventDate "2004.10.16"]
[EventType "swiss"]
[EventRounds "7"]
[EventCountry "FRA"]
[SourceTitle "EXT 2007"]
[Source "ChessBase"]
[SourceDate "2006.11.23"]
[SourceVersion "1"]
[SourceVersionDate "2006.11.23"]
[SourceQuality "1"]

1. e4 c5 2. Nf3 Nf6 3. e5 Nd5 4. Bc4 Nb6 5. Qe2 Nxc4 6. Qxc4 e6 7. d4 cxd4 8. Bg5 Qa5+ 9. c3 Nc6 10. Bf4 dxc3 11. Nxc3 Qb4 12. Qxb4 Nxb4 13. 0-0 Be7 14. a3 Nd3 15. Bc1 Nxc1 16. Raxc1 0-0 17. Nb5 a6 18. Nd6 Bxd6 19. exd6 b5 20. Rc7 f6 21. Rfc1 Rd8 22. Nd4 Rb8 23. Ra7 Rb6 24. Nxe6 dxe6 25. Rcc7 Rb7 26. Raxb7 Bxb7 27. d7 Kf7 28. Rxb7 Ke7 29. Kf1 Rxd7 30. Rxd7+ Kxd7 31. Ke2 Kd6 32. Kd3 Kd5 33. b3 e5 34. g4 g6 35. h4 f5 36. gxf5 gxf5 37. f3 e4+ 38. fxe4+ fxe4+ 39. Ke3 Ke5 40. a4 b4 0-1

[Event "Sautron Retif op 0405"]
[Site "Sautron"]
[Date "2004.10.16"]
[Round "1"]
[White "Jovelin, Alain"]
[Black "Sim, Sylvain"]
[Result "0-1"]
[WhiteElo "1499"]
[BlackElo "1950"]
[PlyCount "54"]
[EventDate "2004.10.16"]
[EventType "swiss"]
[EventRounds "7"]
[EventCountry "FRA"]
[SourceTitle "EXT 2007"]
[Source "ChessBase"]
[SourceDate "2006.11.23"]
[SourceVersion "1"]
[SourceVersionDate "2006.11.23"]
[SourceQuality "1"]

1. e4 Nc6 2. d4 e5 3. Nf3 exd4 4. Nxd4 Bc5 5. Be3 Qf6 6. c3 Nge7 7. Nc2 Bxe3 8. Nxe3 0-0 9. Be2 d6 10. 0-0 Qg6 11. Nd2 f5 12. exf5 Nxf5 13. Qb3+ Kh8 14. Bd3 Rb8 15. Nf3 Qh6 16. Nd5 Be6 17. Be4 Nce7 18. c4 b5 19. Nxe7 Nxe7 20. Bd3 bxc4 21. Qc3 cxd3 22. Qxc7 Bd5 23. Qxe7 Rxf3 24. Rfe1 Rh3 25. Qe8+ Rxe8 26. Rxe8+ Bg8 27. gxh3 Qg6+ 0-1